000 01368nam0a2200349 4500
001 RU\NLR\BIBL_A\012422641
005 20201230130417.0
010 _a978-5-93528-044-4
_93000
021 _aRU
_bКН-П-20-050453
_9КН-П-20-3800
035 _a(NLR Aleph) 012422641
035 _a(RuMoRGB)010414344
090 _a11834993
_c11834993
100 _a20201217d2020 u y0rusy50 ca
101 0 _arus
102 _aRU
105 _aa z 000zy
181 0 _ai
_baxxe
182 0 _an
200 1 _aАкафист преподобной Марфе Дивеевской
203 _aТекст
_bвизуальный
_cнепосредственный
205 _a[Изд. 2-е]
210 _aДивеево
_cСвято-Троицкий Серафимо-Дивеевский женский монастырь
_d2020
215 _a39 с.
_cцв. ил.
_d21
600 0 _aМарфа Дивеевская
_cМелюкова, Мария Семеновна
_f1810 - 1829
_jАкафисты
_92231233
_3RU\NLR\AUTH\661339204
686 2 _aЭ372.24-507.12
702 1 _4280
_7ca
_8rus
_aМарфа
_cМелюкова, Мария Семеновна
_cсхимонахиня
_f1810-1829
_9121690
_3RU\NLR\AUTH\7711956
942 _cBOOK
980 _aNBR
980 _aNB